000 01050cam a22003257a 4500
003 CHAP
005 20220329141347.0
008 971013s1987 r 00010 d
010 _a67014
011 _a67986
035 _a77458
040 _cCHAP
082 _a338.0972
_bA5
100 0 0 _aAlvarez Mosso, Lucía.
_94951
245 0 _aIndustria y clase obrera en México (1950-1980)
260 _aMéxico :
_bQuinto Sol,
_c1987
300 _a183 p.
590 _aBATCH-UPD
_b10
_c20130110
_lUCH01
_h0126
590 _aBATCH-UPD
_b10
_c20130110
_lUCH01
_h1917
590 _aBATCH-UPD
_b10
_c20130409
_lUCH01
_h2121
590 _aBATCH-UPD
_b10
_c20130410
_lUCH01
_h1243
590 _aBATCH-UPD
_b10
_c20130914
_lUCH01
_h0258
590 _aBATCH-UPD
_b10
_c20130914
_lUCH01
_h2122
590 _aCONVERSION
_b10
_c20130109
_lUCH01
_h1337
650 1 4 _aIndustria
_xMéxico.
_957751
700 0 _aGonzález Marín, María Luisa.
_949136
901 _aBK
942 _cLIBRO
949 _a338.0972 A5
_bBC
_cLIBRO
_d33724000353462
_eLIBRO
_gI.c/e
_h73998
_i77458
_si
_t5.90
999 _c67014
_d67014